000 00813nam a2200253 i 4500
001 8721
003 ES-MaACL
005 20250628062014.0
007 t|
008 920825s1990 sp |||| | spa d
020 _a84-86919-27-4
080 _a86-4"19"
100 0 _aTrapiello, Andrés,
_d1953-
_9111233
245 1 0 _aClásicos de traje gris
_b: 1978-1990 /
_cAndrés Trapiello.
260 _aAlbacete :
_bDiputación,
_cD.L. 1990.
300 _a376 p. ;
_c22 cm.
490 1 _aColección Ensayo
650 4 _aLiteratura española-
_yS.XX-
_xHistoria y crítica.
_9141686
710 1 _aAlbacete (Provincia).
_bDiputación Provincial
_91313
830 0 _aColección Ensayo (Diputación Provincial de Albacete)
_9235424
852 _aES-MaACL
_jL-16076
942 _2udc
999 _c8721
_d8721